[Event "Tournoi francophone 004 Groupe A"]
[Site "Skype"]
[Date "????.??.??"]
[Round "1.1"]
[White "Hilton, Stephen"]
[Black "Rochette, Mathieu"]
[Result "1/2-1/2"]
[WhiteElo "1926"]
[BlackElo "1705"]
[PlyCount "33"]

1. d4 Nf6 2. c4 e6 3. Nf3 Bb4+ 4. Nbd2 b6 5. g3 Bb7 6. Bg2 d5 7. O-O O-O 8. Ne5
Nbd7 9. a3 Bxd2 10. Bxd2 c5 11. Nxd7 Nxd7 12. Bc3 Rc8 13. cxd5 Bxd5 14. dxc5
Bxg2 15. Kxg2 Nxc5 16. f3 Rc7 17. Bb4 1/2-1/2

[Event "Tournoi francophone 004 Groupe A"]
[Site "Skype"]
[Date "????.??.??"]
[Round "1.2"]
[White "Deville, Olivier"]
[Black "Jacquelin, Norbert"]
[Result "1/2-1/2"]
[WhiteElo "2032"]
[BlackElo "1839"]
[PlyCount "91"]

1. c4 e6 2. Nf3 d5 3. e3 c6 4. d4 Nf6 5. Nbd2 Be7 6. Bd3 Na6 7. O-O Nb4 8. Bb1
O-O 9. a3 Na6 10. e4 dxe4 11. Nxe4 Nxe4 12. Bxe4 Nc7 13. Bc2 Ne8 14. Qd3 f5 15.
Re1 Nc7 16. Bf4 Bd6 17. Ne5 Ne8 18. Rad1 Qf6 19. c5 Bc7 20. Qg3 Bd8 21. Nc4 Qh4
22. Nd6 Nxd6 23. Bxd6 Qxg3 24. hxg3 Rf6 25. b4 a5 26. Bb3 axb4 27. axb4 Kf7 28.
Ra1 Rxa1 29. Rxa1 Ke8 30. Ra8 Kd7 31. Bc4 Bc7 32. Be5 Rg6 33. b5 Bxe5 34. bxc6+
bxc6 35. dxe5 Kc7 36. Ra7+ Kd8 37. Ra1 Rg4 38. Rd1+ Ke7 39. Bb3 Re4 40. f4 Re3
41. Ba4 Rxg3 42. Rd6 Ra3 43. Bxc6 Rc3 44. Bf3 Rxc5 45. Rc6 Rxc6 46. Bxc6
1/2-1/2

[Event "Tournoi francophone 004 Groupe A"]
[Site "Skype"]
[Date "????.??.??"]
[Round "1.3"]
[White "Ayotte, Jocelyn"]
[Black "Bourdeau, Yvan"]
[Result "1-0"]
[WhiteElo "2105"]
[BlackElo "1719"]
[PlyCount "53"]

1. d4 Nf6 2. c4 g6 3. Nc3 Bg7 4. e4 O-O 5. f3 d6 6. Be3 e5 7. d5 Ne8 8. g4 f5
9. Qd2 f4 10. Bf2 g5 11. h4 h6 12. O-O-O Nf6 13. Be2 Bd7 14. Kb1 Be8 15. c5 a6
16. hxg5 hxg5 17. Nh3 Nh7 18. Rh2 Bg6 19. Na4 Nd7 20. cxd6 cxd6 21. Qb4 Qb8 22.
Nb6 Nxb6 23. Bxb6 Rc8 24. Rhh1 a5 25. Qa3 Ra6 26. Bxa6 bxa6 27. Qxa5 1-0

[Event "Tournoi francophone 004 Groupe A"]
[Site "Skype"]
[Date "????.??.??"]
[Round "1.4"]
[White "Legueltel, Daniel"]
[Black "Gharbi, Said"]
[Result "1-0"]
[WhiteElo "1842"]
[BlackElo "1597"]
[PlyCount "76"]

1. d4 e5 2. dxe5 Nc6 3. f4 Bc5 4. Nf3 Nge7 5. e3 d6 6. exd6 Bxd6 7. Bc4 Bb4+ 8.
Bd2 Bg4 9. O-O O-O 10. Nc3 Nf5 11. Qe1 Bxf3 12. Rxf3 Re8 13. Nd5 Bc5 14. b4 Bb6
15. Nxb6 axb6 16. Bd3 Qf6 17. Bc3 Qe6 18. e4 Nfd4 19. Rg3 Rxa2 20. Rxa2 Qxa2
21. b5 Nb4 22. Bxd4 Nxc2 23. Rxg7+ Kf8 24. Bxc2 Qxc2 25. Rxh7 Rxe4 26. Rh8+ Ke7
27. Qh4+ Ke6 28. Qf6+ Kd5 29. Rd8+ Kc4 30. Qxf7+ Kb4 31. Qf8+ Kxb5 32. h3 Qc1+
33. Kh2 Rxf4 34. Qe8+ c6 35. Qe2+ Qc4 36. Qxc4+ Kxc4 37. Bxb6 Kb5 38. Bc7 c5
1-0

[Event "Tournoi francophone 004 Groupe A"]
[Site "Skype"]
[Date "????.??.??"]
[Round "1.5"]
[White "Plourde, Alain"]
[Black "Hervais, Adrien"]
[Result "0-1"]
[WhiteElo "1907"]
[BlackElo "2124"]
[PlyCount "74"]

1. d4 d5 2. c4 dxc4 3. Nf3 c6 4. a4 e6 5. Nc3 Bb4 6. e3 b5 7. Bd2 Qe7 8. axb5
Bxc3 9. Bxc3 cxb5 10. g3 Bb7 11. Bg2 Nf6 12. O-O O-O 13. Ne5 Nd5 14. Ba5 Nd7
15. Qd2 Nxe5 16. dxe5 Rfc8 17. e4 Nb6 18. Qd6 Qc7 19. Qxc7 Rxc7 20. Rfd1 Rd7
21. Bxb6 Rxd1+ 22. Rxd1 axb6 23. Rd7 Rb8 24. f3 Kf8 25. Bf1 Ke8 26. Rc7 Ba6 27.
Kf2 Rd8 28. Ke1 Kf8 29. Rc6 Rb8 30. Rc7 Bc8 31. Kd2 Ke8 32. Kc3 Bd7 33. b3 Kd8
34. Ra7 Rc8 35. bxc4 bxc4 36. Rb7 b5 37. Kb4 c3 0-1

[Event "Tournoi francophone 004 Groupe A"]
[Site "Skype"]
[Date "????.??.??"]
[Round "2.1"]
[White "Rochette, Mathieu"]
[Black "Hervais, Adrien"]
[Result "1/2-1/2"]
[WhiteElo "1705"]
[BlackElo "2124"]
[PlyCount "85"]

1. d4 d5 2. c4 dxc4 3. Nf3 c6 4. a4 Nf6 5. Nc3 Nd5 6. e4 Nxc3 7. bxc3 b5 8. d5
Bb7 9. Ne5 e6 10. Be3 exd5 11. exd5 Qxd5 12. Qxd5 cxd5 13. axb5 a6 14. b6 Bd6
15. Nf3 Nd7 16. Be2 O-O 17. O-O Rfe8 18. Rfd1 Rab8 19. Bxc4 Bc5 20. Bf4 Rbc8
21. Bxd5 Bxd5 22. Rxd5 Nxb6 23. Re5 Red8 24. Rxa6 Bd6 25. Re4 Bxf4 26. Rxb6
Rxc3 27. Rb1 Bc1 28. Kf1 g6 29. Nd4 Rc4 30. f3 f5 31. Nxf5 Rd1+ 32. Ke2 Rd2+
33. Ke1 Rxe4+ 34. fxe4 gxf5 35. Rxc1 Rxg2 36. exf5 Rxh2 37. Rc3 Kg7 38. Kf1 Kf6
39. Rf3 h5 40. Kg1 Re2 41. Kh1 h4 42. Rf4 Kg5 43. Rf1 1/2-1/2

[Event "Tournoi francophone 004 Groupe A"]
[Site "Skype"]
[Date "????.??.??"]
[Round "2.2"]
[White "Gharbi, Said"]
[Black "Plourde, Alain"]
[Result "0-1"]
[WhiteElo "1597"]
[BlackElo "1907"]
[PlyCount "50"]

1. e4 e6 2. d4 d5 3. exd5 exd5 4. Nf3 Nf6 5. Be2 Bd6 6. O-O O-O 7. c4 dxc4 8.
Bxc4 h6 9. Re1 Nc6 10. a3 Bg4 11. Nc3 Re8 12. Be3 Qd7 13. Bb5 a6 14. Ba4 b5 15.
Bb3 Na5 16. Ba2 Rad8 17. b4 Nc6 18. Bd5 Nxd5 19. Nxd5 Bxh2+ 20. Kxh2 Qxd5 21.
Rc1 Bxf3 22. gxf3 Nxd4 23. Bxd4 Rxe1 24. Qxe1 Qxd4 25. Rxc7 Qd6+ 0-1

[Event "Tournoi francophone 004 Groupe A"]
[Site "Skype"]
[Date "????.??.??"]
[Round "2.3"]
[White "Bourdeau, Yvan"]
[Black "Legueltel, Daniel"]
[Result "0-1"]
[WhiteElo "1719"]
[BlackElo "1842"]
[PlyCount "46"]

1. c4 e6 2. Nf3 d5 3. d4 c6 4. Qc2 Nd7 5. b3 Ngf6 6. Nc3 Bb4 7. Nd2 O-O 8. Bb2
dxc4 9. bxc4 e5 10. a3 Ba5 11. dxe5 Nxe5 12. O-O-O Qe7 13. e3 Be6 14. Bd3 Nxd3+
15. Qxd3 Rfd8 16. Qc2 Rd7 17. Nde4 Nxe4 18. Nxe4 Bf5 19. Rxd7 Qxd7 20. Rd1 Qe6
21. Nc5 Bxc2 22. Nxe6 Bxd1 23. Nxg7 Bb3 0-1

[Event "Tournoi francophone 004 Groupe A"]
[Site "Skype"]
[Date "????.??.??"]
[Round "2.4"]
[White "Jacquelin, Norbert"]
[Black "Ayotte, Jocelyn"]
[Result "0-1"]
[WhiteElo "1839"]
[BlackElo "2105"]
[PlyCount "135"]

1. b3 d6 2. Bb2 Nf6 3. f4 g6 4. Nf3 Bg7 5. e3 O-O 6. Be2 c5 7. c4 Nc6 8. a3 e5
9. fxe5 Ng4 10. Ra2 dxe5 11. h3 Nh6 12. O-O Nf5 13. Qe1 e4 14. Nh2 Qg5 15. Bxg7
Kxg7 16. Rf4 h5 17. Nc3 Ng3 18. Nf1 Nxe2+ 19. Qxe2 f5 20. Qf2 Ne5 21. Nxe4 Qe7
22. Nc3 Nd3 23. Qh4 Qxh4 24. Rxh4 g5 25. Rxh5 Kg6 26. Ng3 f4 27. Nce4 fxg3 28.
Rxg5+ Kh6 29. Rxg3 Nc1 30. Ra1 Ne2+ 31. Kh2 Nxg3 32. Kxg3 b6 33. h4 Bf5 34. Ng5
Rad8 35. Ra2 Rd3 36. Rb2 Kh5 37. Nf3 Be4 38. Ne5 Rd6 39. d3 Bg6 40. e4 Re8 41.
Nxg6 Kxg6 42. Kf4 Rxd3 43. g4 Rf8+ 44. Ke5 Re3 45. h5+ Kg5 46. h6 Re8+ 47. Kd6
R3xe4 48. h7 R8e6+ 49. Kd7 Re7+ 50. Kc6 Rxh7 51. a4 Kxg4 52. a5 Rh6+ 53. Kb5
Kf3 54. axb6 axb6 55. Rd2 Ke3 56. Rd7 Rd4 57. Rb7 Rdd6 58. Re7+ Rhe6 59. Rh7
Kd3 60. Ka4 Kc3 61. Rh3+ Rd3 62. Rh1 Rd2 63. Rh3+ Kb2 64. Rf3 Ka2 65. Rc3 Rb2
66. Rd3 Re8 67. Rh3 Ra8+ 68. Kb5 0-1

[Event "Tournoi francophone 004 Groupe A"]
[Site "Skype"]
[Date "????.??.??"]
[Round "2.5"]
[White "Hilton, Stephen"]
[Black "Deville, Olivier"]
[Result "0-1"]
[WhiteElo "1926"]
[BlackElo "2032"]
[PlyCount "42"]

1. d4 Nf6 2. c4 e6 3. Nf3 Bb4+ 4. Nbd2 O-O 5. g3 Re8 6. Bg2 d6 7. O-O e5 8.
dxe5 dxe5 9. Nb3 Qxd1 10. Rxd1 Nc6 11. a3 Bf8 12. Bg5 Be6 13. Rac1 Rad8 14.
Rxd8 Rxd8 15. Nbd2 h6 16. Bxf6 gxf6 17. Nf1 e4 18. Nh4 Nd4 19. Re1 Bxc4 20. e3
Nb3 21. Bxe4 Bxf1 0-1

[Event "Tournoi francophone 004 Groupe A"]
[Site "Skype"]
[Date "????.??.??"]
[Round "3.1"]
[White "Deville, Olivier"]
[Black "Rochette, Mathieu"]
[Result "1-0"]
[WhiteElo "2032"]
[BlackElo "1705"]
[PlyCount "43"]

1. c4 Nf6 2. Nf3 e6 3. e3 Be7 4. a3 b6 5. d4 Bb7 6. Bd3 O-O 7. Nc3 d6 8. O-O
Nbd7 9. e4 e5 10. b4 exd4 11. Nxd4 Ne5 12. Nd5 c5 13. Nxe7+ Qxe7 14. Nf5 Qd7
15. f3 Rfe8 16. Bg5 Qe6 17. Rc1 Rac8 18. b5 Nxd3 19. Qxd3 Nxe4 20. fxe4 Bxe4
21. Qh3 Qe5 22. Ne7+ 1-0

[Event "Tournoi francophone 004 Groupe A"]
[Site "Skype"]
[Date "????.??.??"]
[Round "3.2"]
[White "Ayotte, Jocelyn"]
[Black "Hilton, Stephen"]
[Result "1/2-1/2"]
[WhiteElo "2105"]
[BlackElo "1926"]
[PlyCount "64"]

1. d4 Nf6 2. c4 g6 3. Nc3 d5 4. Nf3 Bg7 5. g3 O-O 6. Bg2 dxc4 7. O-O c5 8. d5
Na6 9. Nd2 Ne8 10. Nxc4 Nd6 11. Nxd6 Qxd6 12. e4 e5 13. Re1 Nc7 14. Bf1 Bd7 15.
a4 a6 16. a5 Nb5 17. Na4 Rad8 18. Nb6 Nd4 19. Nc4 Qf6 20. f4 exf4 21. Bxf4 g5
22. e5 Qg6 23. Be3 Nc2 24. Bd3 Bf5 25. Bxc2 Bxc2 26. Qd2 Be4 27. d6 Bd3 28.
Rac1 Bxc4 29. Rxc4 Qe6 30. Qe2 Bxe5 31. Bxc5 Bxd6 32. Qxe6 fxe6 1/2-1/2

[Event "Tournoi francophone 004 Groupe A"]
[Site "Skype"]
[Date "????.??.??"]
[Round "3.3"]
[White "Legueltel, Daniel"]
[Black "Jacquelin, Norbert"]
[Result "1/2-1/2"]
[WhiteElo "1842"]
[BlackElo "1839"]
[PlyCount "55"]

1. d4 d5 2. c4 e6 3. Nc3 Be7 4. Bf4 Nf6 5. e3 O-O 6. Nf3 dxc4 7. Bxc4 c5 8.
dxc5 Bxc5 9. Qxd8 Rxd8 10. Ke2 Nc6 11. Rhd1 Bd7 12. Ne5 Be8 13. Rxd8 Rxd8 14.
Rd1 Rxd1 15. Kxd1 a6 16. a3 b5 17. Be2 Kf8 18. Bf3 Nxe5 19. Bxe5 Nd7 20. Bc7
Ke7 21. Bb7 b4 22. axb4 Bxb4 23. Bxa6 Nc5 24. Bc4 Bxc3 25. bxc3 Ne4 26. f3
Nxc3+ 27. Kd2 Nb5 28. Bxb5 1/2-1/2

[Event "Tournoi francophone 004 Groupe A"]
[Site "Skype"]
[Date "????.??.??"]
[Round "3.4"]
[White "Plourde, Alain"]
[Black "Bourdeau, Yvan"]
[Result "1-0"]
[WhiteElo "1907"]
[BlackElo "1719"]
[PlyCount "21"]

1. d4 Nf6 2. c4 e6 3. Nf3 b6 4. Bg5 Bb7 5. e3 Be7 6. Nc3 h6 7. Bh4 Ne4 8. Bxe7
Qxe7 9. Be2 d6 10. Qc2 O-O 11. Nxe4 1-0

[Event "Tournoi francophone 004 Groupe A"]
[Site "Skype"]
[Date "????.??.??"]
[Round "3.5"]
[White "Hervais, Adrien"]
[Black "Gharbi, Said"]
[Result "1-0"]
[WhiteElo "2124"]
[BlackElo "1597"]
[PlyCount "21"]

1. e4 e5 2. d4 Nf6 3. dxe5 Nxe4 4. Bd3 Nxf2 5. Kxf2 Qh4+ 6. Kf1 Nc6 7. Nf3 Qh5
8. Qe2 Be7 9. h3 d5 10. Kg1 Nd4 11. Nxd4 1-0

[Event "Tournoi francophone 004 Groupe A"]
[Site "Skype"]
[Date "????.??.??"]
[Round "4.1"]
[White "Rochette, Mathieu"]
[Black "Gharbi, Said"]
[Result "1-0"]
[WhiteElo "1705"]
[BlackElo "1597"]
[PlyCount "126"]

1. d4 e5 2. dxe5 Nc6 3. Nf3 Qe7 4. e4 Nxe5 5. Nxe5 Qxe5 6. Nc3 Bb4 7. Qd3 Bxc3+
8. bxc3 Nf6 9. f3 d5 10. Be3 dxe4 11. fxe4 Qxe4 12. Rb1 O-O 13. Rb4 Qe6 14. a3
Ng4 15. Re4 Qa2 16. Bc5 Bf5 17. Bxf8 Bxe4 18. Qxe4 Qb1+ 19. Ke2 Nf6 20. Qd3
Re8+ 21. Kf2 Qe1+ 22. Kf3 Kxf8 23. g3 Qe4+ 24. Qxe4 Nxe4 25. c4 Nd2+ 26. Kf2
Ne4+ 27. Kg2 Nc3 28. Bd3 h6 29. Rf1 Ne2 30. Rf2 Nc1 31. Bg6 Re2 32. Rxe2 Nxe2
33. Be4 c6 34. Kf3 Nc3 35. Bd3 Nb1 36. a4 Na3 37. Ke4 Ke7 38. c3 f6 39. Kd4 Kd6
40. h4 c5+ 41. Ke4 Ke6 42. Kf4 g5+ 43. hxg5 hxg5+ 44. Kg4 a6 45. Kh5 Kf7 46.
Kh6 g4 47. Kh5 f5 48. Kg5 f4 49. Kxf4 Kf6 50. Kxg4 b5 51. cxb5 axb5 52. Bxb5
Ke5 53. Kg5 Kd6 54. Kf6 Kc7 55. Bd3 c4 56. Bf5 Kb6 57. g4 Ka5 58. g5 Kxa4 59.
g6 Nb5 60. Bd7 Kb3 61. Bxb5 Kxc3 62. g7 Kb3 63. Bxc4+ Kxc4 1-0

[Event "Tournoi francophone 004 Groupe A"]
[Site "Skype"]
[Date "????.??.??"]
[Round "4.2"]
[White "Bourdeau, Yvan"]
[Black "Hervais, Adrien"]
[Result "0-1"]
[WhiteElo "1719"]
[BlackElo "2124"]
[PlyCount "70"]

1. c4 e6 2. Nc3 d5 3. g3 c6 4. Bg2 Nf6 5. cxd5 exd5 6. d3 Bd6 7. Nf3 Nbd7 8.
O-O O-O 9. a3 Re8 10. Bg5 Qb6 11. Na4 Qc7 12. Nc3 h6 13. Bd2 Nf8 14. Qc1 Ng6
15. b4 Bd7 16. Re1 a5 17. e4 axb4 18. axb4 Rxa1 19. Qxa1 Bxb4 20. exd5 cxd5 21.
Rxe8+ Bxe8 22. h3 Qc5 23. Na4 Bxa4 24. d4 Qa5 25. Be3 Bb3 26. Qc1 Bc3 27. Ne5
Qa1 28. Nd3 Qxc1+ 29. Nxc1 Bc4 30. Bf3 b5 31. Ne2 Bb2 32. Kf1 Ne7 33. Ke1 Nf5
34. Kd2 b4 35. Nc1 Bxd4 0-1

[Event "Tournoi francophone 004 Groupe A"]
[Site "Skype"]
[Date "????.??.??"]
[Round "4.3"]
[White "Jacquelin, Norbert"]
[Black "Plourde, Alain"]
[Result "0-1"]
[WhiteElo "1839"]
[BlackElo "1907"]
[PlyCount "104"]

1. c4 Nf6 2. Nc3 d5 3. cxd5 Nxd5 4. Nf3 Bf5 5. g3 Nc6 6. Bg2 e6 7. a3 Be7 8.
O-O Nxc3 9. bxc3 h6 10. d3 O-O 11. Rb1 Rb8 12. Re1 Bf6 13. Bb2 Ne7 14. e4 Bg4
15. h3 Bxf3 16. Bxf3 c5 17. e5 Bg5 18. h4 Bxh4 19. gxh4 Nf5 20. Bc1 Nxh4 21.
Rxb7 Nxf3+ 22. Qxf3 Rxb7 23. Qxb7 Qxd3 24. Qg2 Qxc3 25. Qe4 Qd4 26. Qxd4 cxd4
27. Rd1 Rc8 28. Bd2 g5 29. Bb4 Rc4 30. Rd3 Kg7 31. Be7 Kg6 32. Bb4 h5 33. Rf3
Rc7 34. Rf6+ Kg7 35. Bd2 Rc5 36. Rf3 Rxe5 37. Bb4 Rd5 38. Kf1 f5 39. Ke2 Kf6
40. Rh3 h4 41. f4 e5 42. fxg5+ Kxg5 43. Be7+ Kg6 44. Bxh4 Rd7 45. Be1 e4 46.
Rh8 Kg7 47. Re8 Kf7 48. Re5 Kf6 49. Ra5 Kg5 50. Bg3 d3+ 51. Kd2 e3+ 52. Kd1 Rb7
0-1

[Event "Tournoi francophone 004 Groupe A"]
[Site "Skype"]
[Date "????.??.??"]
[Round "4.4"]
[White "Hilton, Stephen"]
[Black "Legueltel, Daniel"]
[Result "1/2-1/2"]
[WhiteElo "1926"]
[BlackElo "1842"]
[PlyCount "87"]

1. d4 d5 2. c4 e6 3. Nc3 Nf6 4. Bg5 Be7 5. e3 Nbd7 6. cxd5 exd5 7. Bd3 h6 8.
Bh4 O-O 9. Qc2 c6 10. Nf3 Re8 11. O-O Nf8 12. Rab1 Bg4 13. Nd2 Bh5 14. b4 a6
15. a4 Bg6 16. Bxg6 Nxg6 17. Bg3 Bd6 18. a5 Qe7 19. Bxd6 Qxd6 20. h3 Re7 21.
Nf3 Ne4 22. Rfc1 f5 23. Qa2 Kh8 24. g3 Rae8 25. Kg2 Qf6 26. Ne2 Ng5 27. Nxg5
hxg5 28. Ng1 f4 29. exf4 gxf4 30. Qd2 Re4 31. Rd1 Nf8 32. Rb3 Ne6 33. Rd3 Ng5
34. h4 Nf7 35. Rf3 g5 36. hxg5 Nxg5 37. Rxf4 Qg6 38. f3 Re3 39. Rf8+ Kg7 40.
Rxe8 Qxe8 41. Kf2 Rxf3+ 42. Nxf3 Ne4+ 43. Kg2 Nxd2 44. Rxd2 1/2-1/2

[Event "Tournoi francophone 004 Groupe A"]
[Site "Skype"]
[Date "????.??.??"]
[Round "4.5"]
[White "Deville, Olivier"]
[Black "Ayotte, Jocelyn"]
[Result "1/2-1/2"]
[WhiteElo "2032"]
[BlackElo "2105"]
[PlyCount "80"]

1. c4 Nf6 2. Nf3 d6 3. d4 g6 4. Nc3 Bg7 5. e4 O-O 6. Be2 e5 7. O-O Nc6 8. d5
Ne7 9. b4 Nh5 10. g3 f5 11. Ng5 Nf6 12. Bf3 f4 13. Ne6 Bxe6 14. dxe6 g5 15. Nd5
c6 16. Nxf6+ Rxf6 17. Bg4 h5 18. Bxh5 Rxe6 19. Qg4 Rh6 20. Qxg5 Ng6 21. Qxd8+
Rxd8 22. Bxg6 Rxg6 23. Rd1 d5 24. cxd5 cxd5 25. Rxd5 Rxd5 26. exd5 e4 27. Rb1
e3 28. fxe3 fxg3 29. hxg3 Rxg3+ 30. Kf2 Rh3 31. Kg2 Rh5 32. e4 Be5 33. a3 Kf7
34. Kf3 Kg6 35. Ke2 Rh1 36. Kd2 Bf4+ 37. Kc2 Rh2+ 38. Kb3 Rh1 39. Kc2 Rh2+ 40.
Kb3 Rh1 1/2-1/2

[Event "Tournoi francophone 004 Groupe A"]
[Site "Skype"]
[Date "????.??.??"]
[Round "5.1"]
[White "Ayotte, Jocelyn"]
[Black "Rochette, Mathieu"]
[Result "1-0"]
[WhiteElo "2105"]
[BlackElo "1705"]
[PlyCount "55"]

1. d4 Nf6 2. Nf3 e6 3. g3 Be7 4. Bg2 d5 5. O-O O-O 6. c4 c6 7. Nc3 Nbd7 8. Bf4
Re8 9. c5 Nh5 10. Bd2 Qc7 11. e4 dxe4 12. Ng5 Nhf6 13. Ncxe4 h6 14. Nh3 Nxe4
15. Bxe4 e5 16. Bg2 Nf6 17. b4 Nd5 18. Qh5 Bf6 19. Rae1 Bd7 20. dxe5 Bxe5 21.
Bxd5 cxd5 22. Nf4 Bc6 23. Qg4 d4 24. Nh5 Kf8 25. f4 Bf6 26. Nxf6 gxf6 27. f5
Qd7 28. Bxh6# 1-0

[Event "Tournoi francophone 004 Groupe A"]
[Site "Skype"]
[Date "????.??.??"]
[Round "5.2"]
[White "Legueltel, Daniel"]
[Black "Deville, Olivier"]
[Result "0-1"]
[WhiteElo "1842"]
[BlackElo "2032"]
[PlyCount "52"]

1. d4 Nf6 2. c4 e6 3. Nc3 Bb4 4. a3 Bxc3+ 5. bxc3 b6 6. Nf3 Bb7 7. Bg5 h6 8.
Bh4 g5 9. Bg3 Ne4 10. Qc2 f5 11. h3 O-O 12. Bh2 d6 13. Nd2 Nd7 14. Nxe4 fxe4
15. e3 Qf6 16. Bg3 Rf7 17. Be2 Qg6 18. h4 g4 19. h5 Qf5 20. Rh4 Nf6 21. Rb1 Rg7
22. Rb5 d5 23. Be5 Rf8 24. Qd1 c6 25. Bxf6 Qxf6 26. Rb2 Qxh4 0-1

[Event "Tournoi francophone 004 Groupe A"]
[Site "Skype"]
[Date "????.??.??"]
[Round "5.4"]
[White "Hervais, Adrien"]
[Black "Jacquelin, Norbert"]
[Result "1-0"]
[WhiteElo "2124"]
[BlackElo "1839"]
[PlyCount "54"]

1. e4 e5 2. d4 exd4 3. Qxd4 Nc6 4. Qe3 Nf6 5. Nc3 Bb4 6. Bd2 O-O 7. O-O-O Re8
8. Bc4 d6 9. f3 Ne5 10. Bb3 Be6 11. Bxe6 Rxe6 12. Nh3 Nc4 13. Qd4 b5 14. Bg5
Bc5 15. Qd3 h6 16. Bh4 Qe8 17. Kb1 c6 18. Nf4 a5 19. Nxe6 Qxe6 20. f4 Nd7 21.
Qe2 Ndb6 22. f5 Qe8 23. Rd3 b4 24. Nd1 d5 25. Re1 dxe4 26. Qxe4 Qxe4 27. Rxe4
Nd5 1-0

[Event "Tournoi francophone 004 Groupe A"]
[Site "Skype"]
[Date "????.??.??"]
[Round "5.5"]
[White "Gharbi, Said"]
[Black "Bourdeau, Yvan"]
[Result "0-1"]
[WhiteElo "1597"]
[BlackElo "1719"]
[PlyCount "38"]

1. e4 c5 2. c3 Nf6 3. e5 Nd5 4. Bc4 Nb6 5. Qe2 d5 6. Bb5+ Nc6 7. d4 cxd4 8.
Bxc6+ bxc6 9. cxd4 e6 10. Nf3 Be7 11. O-O a5 12. b3 Ba6 13. Qc2 Bxf1 14. Qxc6+
Nd7 15. Qa4 Rc8 16. Bd2 Bd3 17. Bxa5 Rc1+ 18. Ne1 Qb8 19. h3 Bb5 0-1

[Event "Tournoi francophone 004 Groupe A"]
[Site "Skype"]
[Date "????.??.??"]
[Round "6.1"]
[White "Rochette, Mathieu"]
[Black "Bourdeau, Yvan"]
[Result "1/2-1/2"]
[WhiteElo "1705"]
[BlackElo "1719"]
[PlyCount "58"]

1. d4 Nf6 2. c4 e6 3. Nf3 b6 4. Nc3 Bb4 5. Qc2 Bb7 6. Bg5 h6 7. Bh4 O-O 8. Nd2
Be7 9. Bxf6 Bxf6 10. e4 Bxd4 11. Be2 Nc6 12. O-O Rc8 13. Rad1 Qf6 14. Rc1 Rfd8
15. Nf3 d6 16. Rfd1 a6 17. Qd2 Bxc3 18. Qxc3 Qxc3 19. Rxc3 Ne5 20. Nd2 Nc6 21.
a3 e5 22. Bf3 Nd4 23. Bg4 Rb8 24. Re1 Bc8 25. Bxc8 Rbxc8 26. Nf3 Ne6 27. Rd1
Nf4 28. Kf1 Ne6 29. Ke2 Nf4+ 1/2-1/2

[Event "Tournoi francophone 004 Groupe A"]
[Site "Skype"]
[Date "????.??.??"]
[Round "6.2"]
[White "Jacquelin, Norbert"]
[Black "Gharbi, Said"]
[Result "1-0"]
[WhiteElo "1839"]
[BlackElo "1597"]
[PlyCount "71"]

1. c4 b6 2. Nc3 e5 3. Nf3 Bd6 4. Ne4 Qe7 5. Nxd6+ Qxd6 6. e3 c5 7. Be2 Nc6 8.
O-O Nf6 9. d3 O-O 10. b3 Qc7 11. Bb2 d6 12. h3 Bf5 13. d4 e4 14. Nh2 cxd4 15.
exd4 d5 16. g4 Bg6 17. g5 Ne8 18. Qd2 Bf5 19. cxd5 Bxh3 20. Rfc1 Bd7 21. dxc6
Bh3 22. Qe3 Bf5 23. d5 Nd6 24. Qf4 f6 25. gxf6 gxf6 26. Nf1 Rf7 27. Ng3 Bh3 28.
Nh5 Raf8 29. Ba3 Rg7+ 30. Nxg7 Qxg7+ 31. Qg3 Rf7 32. Bxd6 Kh8 33. Qxg7+ Rxg7+
34. Bg3 f5 35. Kh2 Bg4 36. Be5 1-0

[Event "Tournoi francophone 004 Groupe A"]
[Site "Skype"]
[Date "????.??.??"]
[Round "6.3"]
[White "Hilton, Stephen"]
[Black "Hervais, Adrien"]
[Result "1/2-1/2"]
[WhiteElo "1926"]
[BlackElo "2124"]
[PlyCount "74"]

1. d4 d5 2. Nf3 e6 3. Bf4 Nf6 4. e3 c5 5. c3 Qb6 6. Qb3 c4 7. Qxb6 axb6 8. Bxb8
Rxb8 9. Nbd2 Ra8 10. Be2 Bd6 11. O-O O-O 12. Ne5 b5 13. a3 Ne8 14. f4 Nc7 15.
Bf3 Ra6 16. Rae1 Na8 17. Bd1 Nb6 18. Bc2 Bc7 19. e4 f6 20. Ng4 e5 21. f5 exd4
22. cxd4 Na4 23. Bxa4 Rxa4 24. exd5 Bb6 25. Nf3 Bxf5 26. h3 Rd8 27. Re7 Ra7 28.
Rfe1 Bxg4 29. hxg4 h6 30. R1e6 Ba5 31. d6 Kh7 32. Rf7 c3 33. bxc3 Bxc3 34. Ree7
Rxd6 35. Rxg7+ Kh8 36. Rh7+ Kg8 37. Rhg7+ Kf8 1/2-1/2

[Event "Tournoi francophone 004 Groupe A"]
[Site "Skype"]
[Date "????.??.??"]
[Round "6.4"]
[White "Deville, Olivier"]
[Black "Plourde, Alain"]
[Result "1-0"]
[WhiteElo "2032"]
[BlackElo "1907"]
[PlyCount "91"]

1. c4 Nf6 2. Nf3 b6 3. d4 Bb7 4. Nc3 e6 5. a3 Be7 6. g3 O-O 7. Bg2 d5 8. Ne5 c5
9. dxc5 Bxc5 10. Bg5 h6 11. Bf4 Na6 12. O-O Nc7 13. Qa4 g5 14. Bd2 Qe8 15. Qb3
Rd8 16. Rfd1 Bc6 17. Nxc6 Qxc6 18. cxd5 Ncxd5 19. e4 Nxc3 20. Bxc3 Nxe4 21. Bf6
Rxd1+ 22. Rxd1 Bxf2+ 23. Kf1 Nxg3+ 24. Kxf2 Ne4+ 25. Ke3 Qc5+ 26. Bd4 Qd5 27.
Qxd5 exd5 28. Bxe4 dxe4 29. Kxe4 f5+ 30. Ke5 f4 31. Rf1 Rd8 32. h4 Kh7 33. hxg5
hxg5 34. Bc3 Kg6 35. Rh1 Re8+ 36. Kd4 f3 37. Rg1 Kf5 38. Kd3 g4 39. Be1 Re2 40.
b4 Ra2 41. Ke3 Rxa3+ 42. Kf2 a5 43. bxa5 bxa5 44. Kg3 Ra2 45. Bf2 a4 46. Rh1
1-0

[Event "Tournoi francophone 004 Groupe A"]
[Site "Skype"]
[Date "????.??.??"]
[Round "6.5"]
[White "Ayotte, Jocelyn"]
[Black "Legueltel, Daniel"]
[Result "1-0"]
[WhiteElo "2105"]
[BlackElo "1842"]
[PlyCount "43"]

1. d4 d5 2. c4 e6 3. Nf3 Nf6 4. Nc3 Be7 5. g3 b6 6. Bg2 Bb7 7. O-O O-O 8. cxd5
exd5 9. Nh4 c5 10. Nf5 cxd4 11. Nxd4 Qd7 12. Qd3 Nc6 13. Nxc6 Bxc6 14. Rd1 Rad8
15. Bg5 h6 16. Bxf6 Bxf6 17. Rac1 Bxc3 18. Rxc3 Bb5 19. Qc2 Qe6 20. e3 Bc6 21.
Rxc6 Qxc6 22. Qxc6 1-0

[Event "Tournoi francophone 004 Groupe A"]
[Site "Skype"]
[Date "????.??.??"]
[Round "7.2"]
[White "Plourde, Alain"]
[Black "Ayotte, Jocelyn"]
[Result "0-1"]
[WhiteElo "1907"]
[BlackElo "2105"]
[PlyCount "98"]

1. d4 Nf6 2. c4 g6 3. Nc3 Bg7 4. e4 d6 5. h3 O-O 6. Nf3 e5 7. Be3 Nc6 8. d5 Ne7
9. Be2 Ne8 10. Qc2 f5 11. Bg5 h6 12. Bd2 f4 13. O-O-O c6 14. g3 cxd5 15. cxd5
Bd7 16. Kb1 b5 17. g4 b4 18. Na4 Rc8 19. Qb3 Qa5 20. Rc1 Qxa4 21. Qxa4 Bxa4 22.
Rxc8 Nxc8 23. b3 Bd7 24. Bxb4 Bf6 25. a4 Rf7 26. Kb2 Bd8 27. a5 Nc7 28. Rc1 Re7
29. Nd2 Re8 30. Nc4 Nb5 31. Na3 Nd4 32. Ba6 Bh4 33. Rc7 Rd8 34. Bxc8 Bxc8 35.
Bxd6 Rxd6 36. Rxc8+ Rd8 37. Rxd8+ Bxd8 38. Nc4 Bf6 39. b4 Kf8 40. Kc3 Nb5+ 41.
Kd3 Ke7 42. h4 Kd7 43. g5 hxg5 44. hxg5 Bg7 45. Nd2 Nd6 46. Nf3 a6 47. Nh4 Nf7
48. Nxg6 Nxg5 49. Kc4 Nxe4 0-1

[Event "Tournoi francophone 004 Groupe A"]
[Site "Skype"]
[Date "????.??.??"]
[Round "7.3"]
[White "Hervais, Adrien"]
[Black "Deville, Olivier"]
[Result "1/2-1/2"]
[WhiteElo "2124"]
[BlackElo "2032"]
[PlyCount "133"]

1. d3 c5 2. f4 Nc6 3. e4 g6 4. Nf3 Bg7 5. g3 Rb8 6. Bg2 d6 7. O-O Bg4 8. c3 Qd7
9. Qb3 Be6 10. Qc2 Bh3 11. f5 Bxg2 12. Qxg2 Nf6 13. Qh3 c4 14. dxc4 Nxe4 15.
Nh4 Ne5 16. Qg2 Qc6 17. b3 Nd3 18. Be3 Nxc3 19. Qxc6+ bxc6 20. Nxc3 Bxc3 21.
Bxa7 Bxa1 22. Bxb8 Bd4+ 23. Kg2 Bb6 24. Rd1 Ne5 25. c5 Bxc5 26. Bc7 Kd7 27. Ba5
Ra8 28. Bc3 Rxa2+ 29. Kh3 Kc7 30. Bxe5 dxe5 31. fxg6 hxg6 32. Re1 Bd4 33. Nf3
Kd6 34. Rd1 Kd5 35. Kg4 f6 36. Nd2 Rb2 37. Kf3 f5 38. h4 Ke6 39. g4 fxg4+ 40.
Kxg4 Be3 41. Ne4 Rxb3 42. Rd8 Rb4 43. Kf3 Bf4 44. Nc5+ Kf7 45. Rc8 Rc4 46. Rxc6
Rc3+ 47. Kg2 e4 48. Ne6 Rxc6 49. Nd8+ Kf6 50. Nxc6 e5 51. Kf2 e3+ 52. Kf3 e4+
53. Ke2 Ke6 54. Kf1 Bd6 55. Ke2 Bc5 56. Nd8+ Kf5 57. Nf7 Kg4 58. Ne5+ Kh5 59.
Nd7 Bd4 60. Nf8 Kh6 61. Ne6 Bb6 62. Nf4 Ba7 63. Nd5 Kh5 64. Nf4+ Kh6 65. Nd5
Kg7 66. Nc3 Kh6 67. Nd5 1/2-1/2